| 000 | 01313nam a2200313 a 4500 | ||
|---|---|---|---|
| 001 | 37333 | ||
| 003 | BD-RjUL | ||
| 005 | 20211209052611.0 | ||
| 008 | 141201s1989 dcua b 101 0 eng | ||
| 020 | _a0841215693 | ||
| 035 | _a(BD-RjUL)37436 | ||
| 040 |
_aDLC _cDLC _dDLC _dBD-RjUL _beng |
||
| 041 | _aeng | ||
| 082 | 0 | 0 |
_a632.951 _219 _bINS 1989 |
| 245 | 0 | 0 |
_aInsecticides of plant origin / _cJ.T. Arnason, editor, B.J.R. Philogène, editor, Peter Morand, editor. |
| 260 |
_aWashington, DC : _bAmerican Chemical Society, _c1989. |
||
| 300 |
_ax, 213 p. : _bill. ; _c24 cm. |
||
| 500 | _a"Developed from a symposium sponsored by the Division of Agrochemicals of the American Chemical Society at the Third Chemical Congress of North America (195th National Meeting of the American Chemical Society, Toronto, Ontario, Canada, June 5-11, 1988)" | ||
| 504 | _aIncludes bibliographies and indexes. | ||
| 650 | 0 |
_aBotanical insecticides _xCongresses. _9114439 |
|
| 700 | 1 |
_aArnason, J. T., _d1948- _9114440 |
|
| 700 | 1 |
_aPhilogène, B. J. R., _d1940- _9114441 |
|
| 700 | 1 |
_aMorand, Peter, _d1935- _9114442 |
|
| 710 | 2 |
_aAmerican Chemical Society. _bDivision of Agrochemicals. _9114443 |
|
| 942 |
_2ddc _cBK |
||
| 999 |
_c37333 _d37333 |
||